El hombre y la gente
Enregistré dans:
| Auteur principal: | |
|---|---|
| Format: | Livre |
| Langue: | espagnol |
| Publié: |
Madrid
Revista de Occidente
1958
|
| Édition: | 2a. ed |
| Sujets: | |
| Tags: |
Ajouter un tag
Pas de tags, Soyez le premier à ajouter un tag!
|
MARC
| LEADER | 00000nam a2200000 a 4500 | ||
|---|---|---|---|
| 001 | UCJ9908 | ||
| 003 | CL-VaPUC | ||
| 005 | 20221118175705.0 | ||
| 008 | 070413e19580000SP |||||||||||||||||spa|d | ||
| 999 | |c 325251 |d 325249 | ||
| 040 | |c Pontificia Universidad Católica de Valparaíso | ||
| 082 | 0 | 4 | |a 196.1 |b ORT |2 21 |
| 100 | |a Ortega y Gasset, José |e autor |9 878566 | ||
| 245 | 1 | 3 | |a El hombre y la gente |
| 250 | |a 2a. ed | ||
| 260 | |a Madrid |b Revista de Occidente |c 1958 | ||
| 300 | |a 317 p | ||
| 500 | |a Donación del Dr. Luis Gómez Macker | ||
| 583 | |a last modification |c 20121002 11:28:36 |k Rodrigo Vera | ||
| 650 | 0 | |a Ensayos españoles |9 313128 | |
| 650 | 0 | |a Filosofía española |9 254895 | |
| 942 | |c BK |2 ddc | ||
| 945 | |d 20070413 00:00:00 |a jtorresc | ||
| 952 | |0 0 |1 0 |4 0 |6 196_100000000000000_ORT_1958 |7 0 |8 A |9 405886 |a FDOPOS |b FDOPOS |d 2019-11-22 |i 4273850 |o 196.1 ORT 1958 |p 4273850 |r 2025-01-22 |w 2019-11-22 |y BK |k MLA | ||